01063cam a2200253 a 4500999001500000001000500015003000900020005001700029008004100046040003800087082001600125245016200141260007200303300004100375490002300416504004100439650006400480651005100544700001800595700002800613710004200641942001200683952011400695 c2352d23525289BD-DhUAP20210128163006.0011213s1995 bg abf b f000 0 eng  aBD-DhUAPcBD-DhUAPdBD-DhUAPbEng00a934 ARC22300aArchaeological survey report of greater Dinajpur District /cMd. Mosharraf Hossain ... [et al.] ; compiled by Md. Mosharraf Hossain ; edited by Mohammed Ali. aDhaka :bDept. of Archaeology, Ministry of Cultural Affairs,c1995. a118 pages :billustrations ;c25 cm. aB.A. series ;v14. aIncludes bibliographical references. 0aExcavations (Archaeology)zBangladeshzDinājpur District. 0aDinājpur District (Bangladesh)xAntiquities.1 aAli, Mohammed1 aHossain, Md. Mosharraf 1 aBangladeshbDepartment of Archaeology 2ddccBK 00102ddc4070aUAPCLbUAPCLcGeneral Stacksd2020-02-23o934 ARCp3010005289r2020-02-23t1w2020-02-23yBK